| 000 -LEADER |
| fixed length control field |
00497nam a22001697a 4500 |
| 008 - FIXED-LENGTH DATA ELEMENTS--GENERAL INFORMATION |
| fixed length control field |
150520b xxu||||| |||| 00| 0 eng d |
| 020 ## - INTERNATIONAL STANDARD BOOK NUMBER |
| International Standard Book Number |
9781591451426 |
| 041 0# - LANGUAGE CODE |
| Language code of text/sound track or separate title |
eng |
| 080 ## - UNIVERSAL DECIMAL CLASSIFICATION NUMBER |
| Universal Decimal Classification number |
361.7 |
| 100 1# - Rafti |
| Rafti |
Robertson, Pat. |
| 245 10 - TITLE STATEMENT |
| Title |
Courting disaster : |
| Statement of responsibility, etc |
Pat Robertson. |
| 260 ## - |
| -- |
Nashville : |
| -- |
Integrity Publishers, |
| -- |
c2004. |
| 300 ## - |
| -- |
290 p. ; |
| -- |
24 cm. |
| 650 #0 - |
| -- |
Politika |
| 650 #0 - |
| -- |
Ligji |
| 942 ## - ADDED ENTRY ELEMENTS (KOHA) |
| Source of classification or shelving scheme |
|
| Item type |
Books |